00883cam a2200193 4500040000800000082002600008245006900034260007700103300003300180490003400213500005600247500013300303650002800436700001800464710003600482942000700518999001700525952014700542 cDLC00a576 VIR 1971 A106 Or.04aThe Structure and function of fresh-water microbial communities. aBlacksburg,bVirginia Polytechnic Institute and State Universityc[1971] aviii, 300 p.billus.c24 cm.1 aResearch Division monograph 3 aOn cover: American Microscopical Society Symposium. aThis book is a compilation of manuscripts prepared following the 1969 symposium sponsored by the American Microscopical Society. 0aFreshwater microbiology1 aCairns, John,2 aAmerican Microscopical Society. cEK c17019d17019 0010406576_000000000000000_VIR_1971_A106_OR70973358aLBAbLBAcA106d2018-07-17o576 VIR 1971 A106 Or.pA13910r2018-07-17w2018-07-17yEK